Представление документа в формате MARC21

ПолеНазваниеЗначение
  Тип записи a
  Библиографический уровень m
001 Контрольный номер RU/URAIT/590111
005 Дата корректировки 20260429163603.7
008 Кодируемые данные 260429s2026 RU y f j 000 0 rus u
020 Индекс ISBN __
a ISBN 978-5-534-21052-1
c Цена, тираж 529.00
040 Источник каталогиз. __
a Служба первич. каталог. ИКО Юрайт
c Служба, преобразующая запись ИКО Юрайт
e Правила каталог. RCR
041 Код языка издания __
a Код языка текста rus
044 Код страны публикации __
a Код страны публикации RU
080 Индекс УДК __
a Индекс УДК 376(075.8)
084 Индекс другой классификации/Индекс ББК __
2 Источник индекса rubbk
a Индекс другой классификации/Индекс ББК 74.5я73
100 Автор __
a Автор Козырева О. А.
q Полное имя Козырева Ольга Анатольевна
245 Заглавие __
a Заглавие Инклюзивное образование. Ассистивные технологии
b Продолж. заглавия учебное пособие для спо
c Ответственность О. А. Козырева.
250 Сведения об издании __
a Основные сведения об издании 2-е изд.
256 Характеристики компьютерного файла __
a Характеристики компьютерного файла Электрон. дан.
260 Выходные данные __
a Место издания Москва
b Издательство Юрайт
c Дата издания 2026
300 Физическое описание __
a Объем 116 с
440 Серия __
a Серия Профессиональное образование
500 Примечания __
a Примечание URL: https://urait.ru/bcode/590111 (дата обращения: 29.04.2026).
520 Аннотация __
a Аннотация В учебном курсе раскрываются актуальные вопросы выявления особенностей, возможностей, специфики разработки и реализации инклюзивных и ассистивных технологии в процессе инклюзии. Соответствует актуальным требованиям федерального государственного образовательного стандарта среднего профессионального образования и профессиональным требованиям. Для студентов образовательных учреждений среднего профессионального образования.
538 Прим. о системных особенностях __
a Прим. о системных особенностях Режим доступа: Электронно-библиотечная система Юрайт, для авториз. пользователей
653 Ключевые слова __
a Ключевые слова Специальная педагогика и психология. Дефектология. Логопедия
653 Ключевые слова __
a Ключевые слова Педагогика, психология, социальная работа
653 Ключевые слова __
a Ключевые слова Инклюзивное образование
653 Ключевые слова __
a Ключевые слова Основы инклюзивного образования
653 Ключевые слова __
a Ключевые слова Педагогическая деятельность по реализации адаптированных образовательных программ дошкольного образования и организации развивающей деятельности для детей с ограниченными возможностями здоровья и/или инвалидностью в группах разной направленности
856 Электронный адрес документа 40
n Местонахождение сервера Юрайт
g Электронная книга
q Тип электронного формата html
h Имя пользователя ЮРАЙТ
v Часы доступа к ресурсу 20271231
2 Способ доступа Показать документ
x Служебное примечание https://urait.ru/book/cover/16B99BA6-5E62-4645-BB83-5837AD4AC594
u URL https://urait.ru/bcode/590111
856 Электронный адрес документа 48
q Тип электронного формата cover
u URL https://urait.ru/book/cover/16B99BA6-5E62-4645-BB83-5837AD4AC594
911 __
u 0030=https://urait.ru/bcode/590111
911 __
u 073a=9785534210521
u 073d=529.00
911 __
u 106a=s
911 __
u 900l=
952 Тип литературы __
i Дисциплина Инклюзивное образование
952 Тип литературы __
i Дисциплина Основы инклюзивного образования
952 Тип литературы __
i Дисциплина Педагогическая деятельность по реализации адаптированных образовательных программ дошкольного образования и организации развивающей деятельности для детей с ограниченными возможностями здоровья и/или инвалидностью в группах разной направленности